Wird geladen...

The life and work of che guevara/

Bibliographische Detailangaben
1. Verfasser: Luther, Eric and Henken, Ted
Format: Printed Book
Sprache:English
Veröffentlicht: Alpha, 2001.
LEADER 00513nam a22001577a 4500
003 OSt
008 160819b xxu||||| |||| 00| 0 eng d
020 |a 0-02-864199-X 
082 |a 327 LUT/L 
100 |a Luther, Eric and Henken, Ted. 
245 |a The life and work of che guevara/ 
260 |b Alpha,  |c 2001. 
300 |a 276p. 
942 |2 ddc  |c BK 
999 |c 340281  |d 340281 
952 |0 0  |1 0  |4 0  |6 327_000000000000000_LUT_L  |7 0  |9 390701  |a POL  |b POL  |c ST1  |d 2012-01-04  |g 0.00  |i POL1089  |l 0  |o 327 LUT/L  |p POL1089  |r 2015-03-04  |w 2018-08-20  |y BK